000 00348nam a22001337a 4500
020 _a978-1-4052-2840-4
082 _a823
_bBLY/M
100 _aENID BLYTON
245 _aTHE MYSTERY OF THE VANISHED PRINCE
260 _aLONDON
_bEUROKIDS INTERNATIONAL LTD
_c2011
300 _a250
650 _aCHILDRENS STORY BOOKS
_vMYSTERY
_zUNITED KINGDOM
942 _cBK
999 _c83
_d83